000 01452nam a22003857a 4500
003 CHAP
005 20220329143407.0
008 090218s2008 mx b r 00010 spa d
010 _a95925
011 _a96897
035 _a107554
040 _cCHAP
090 _aTesis
100 1 _aPérez Sánchez, Alfonso.
_990030
245 1 3 _aLa formación de patrimonio de las microempresas rurales agroindustriales en Tlaxcala
_c/por Alfonso Pérez Sánchez
260 _aChapingo, Méx. :
_bEl autor,
_c2008
300 _axiii, 248 h. :
_bgráfs., tablas
502 _aTesis (Ph.D. en Problemas Económico Agroindustriales) -- UACH.CIESTAAM
530 _aTambién disponible en línea
590 _aALEPH
_b10
_c20130110
_lUCH01
_h1527
590 _aBATCH-UPD
_b10
_c20130110
_lUCH01
_h1555
590 _aBATCH-UPD
_b10
_c20130410
_lUCH01
_h0953
590 _aBATCH-UPD
_b10
_c20130914
_lUCH01
_h0348
590 _aBATCH-UPD
_b10
_c20140324
_lUCH01
_h1510
590 _aBATCH-UPD
_b10
_c20141002
_lUCH01
_h0838
590 _aCONVERSION
_b10
_c20130109
_lUCH01
_h1353
650 1 4 _aAnálisis estadístico.
_95984
650 1 4 _aEmpresas pequeñas.
_936658
650 1 4 _aIndustrias agrícolas
_xTlaxcala.
_957970
856 _3Finding aid
_uhttp://10.13.5.2/tesis/107554.pdf
_zTeclea aqui
901 _aBK
942 _cFOLL
949 _aTesis
_bBC
_cTES
_d33724002085660
_eTS2
_fc.2
_h49014
_i107554
_si
949 _aTesis
_bBC
_cTES
_d33724002085702
_eTS1
_h49013
_i107554
_sb
999 _c95925
_d95925